Flags of the Americas by Horizontal Stripes - Statistics

General Stats
  • This quiz has been taken 752 times
  • The average score is 13 of 16
Answer Stats
Picture Answer % Correct
United States
99%
Uruguay
86%
Paraguay
84%
Ecuador
83%
Haiti
83%
Nicaragua
83%
El Salvador
82%
Venezuela
82%
Argentina
81%
Dominica
81%
Suriname
81%
Belize
80%
Bahamas
78%
Honduras
77%
Cuba
71%
Chile
53%
No matching quizzes found
Score Distribution
Percent of People with Each Score
Percentile by Number Answered
Your Score History
You have not taken this quiz